000 00558nam a2200193Ia 4500
003 GCL
008 140319s9999 xx 000 0 eng d
040 _aGCL /
_cGCL
082 0 4 _a338.4791
_bI N
100 1 _aINSKEEP, EDWARD
245 1 0 _aNATIONAL AND REGIONAL TOURISM PLANNING: METHODOLOGIES AND CASE STUDIES /
_cINSKEEP, EDWARD
260 _a[S.N] :
_bWORLD TOURISM ORGANIZATION ،
_c1994
300 _a249 P
650 0 4 _aTOURIST TRADE
650 0 4 _aPLANNING
650 0 4 _aTOURISM - PLANNING
650 0 4 _aTOURISM - DEVELOPMENT
942 _2ddc
_cBK
999 _c20648
_d20648